000 004840000a22001930004500
003 LK-CoMWRAF
005 20230923082512.0
008 230817t1983 ||||| |||| 00| 0 eng d
040 _aLK-CoMWRAF
_dLK-CoMWRAF
_eLK-CoMWRAF
041 _aeng
082 _a297.6
_bAHM
100 _aAhmad, Fazl
245 _aHusain :
_bThe great martyr
260 _aDelhi :
_bTaj Company,
_c1983
300 _a148p
490 _aHeroes of Islam Series 12
650 _aIslam- Martyrs
942 _cBK
999 _c1519
_d1519